000 00915nas a2200289 4500
001 BR2012003862
003 BR-BrBNA
005 20231205120626.0
007 ta
008 230509b bl.|||p| |||| 00| 00por d
040 _aBR-BrBNA
_bpor
_cBiblioteca Nacional de Agricultura
041 _a(Pt)
072 _aM12
100 1 _aSilva, A. dos S.
100 1 _aBrito, L.O.
100 1 _aCosta, W. de M.
100 1 _aVasconcelos, R.F.L.
100 1 _aGalvez, A.O.
245 1 _aUtilização de Brachionus plicatilis (Muller, 1786)na alimentação de larvas do camarão marinho Litopenaeus vannamei (Boone, 1931)
650 _aCAMARÃO
650 _aLARVA
650 _aNUTRIÇÃO ANIMAL
650 _aPRODUÇÃO ANIMAL
773 0 _tArquivos de Ciências do Mar (Brazil)
_xISSN 0374-5686
_g(2011), v. 44(3) p. 54-58
_wBR2012003862
909 _a202311
_bLúcia
_c55
_dLúcia Elande
942 _2AGRIS
_n0
_cANA
999 _c219438
_d219438